|
|
|
|
| LEADER |
01057cam a2200265 a 4500 |
| 001 |
c000227460 |
| 003 |
CARM |
| 005 |
20061207115046.0 |
| 008 |
740913r19741958enk 000 1 eng d |
| 015 |
|
|
|a B7422857
|
| 019 |
1 |
|
|a 3540302
|z 6344604
|z 26775329
|5 LACONCORD2021
|
| 020 |
|
|
|a 0450019993 (pbk) :
|c £0.35
|
| 035 |
|
|
|a (OCoLC)6136523
|5 LACONCORD2021
|
| 040 |
|
|
|a BNB
|b eng
|c BNB
|d BNB
|
| 082 |
0 |
4 |
|a 823/.9/1
|2 18
|
| 100 |
1 |
|
|a Asimov, Isaac,
|d 1920-
|
| 245 |
1 |
4 |
|a The rings of Saturn /
|c Isaac Asimov.
|
| 260 |
|
|
|a London :
|b New English Library,
|c 1974.
|
| 300 |
|
|
|a 144 p. ;
|c 18cm.
|
| 500 |
|
|
|a Fiction in English, 1900-. Texts (BNB/PRECIS)
|
| 500 |
|
|
|a Originally published: under the name Paul French as 'Lucky Starr and the rings of Saturn'. Garden City, N.Y. : Doubleday, 1958.
|
| 650 |
|
0 |
|a English fiction.
|
| 852 |
8 |
|
|b CARM
|h A2:AP38A0
|i A04016
|p 0343246
|f BK
|
| 999 |
f |
f |
|i 7842c511-4054-588c-bfb3-b320d28c85c6
|s fdf33d56-135d-5adc-b6c9-2a47bea98742
|
| 952 |
f |
f |
|p Can circulate
|a CAVAL
|b CAVAL
|c CAVAL
|d CARM 1 Store
|e A04016
|f A2:AP38A0
|h Other scheme
|i book
|m 0343246
|